000 00556nam a2200205 a 4500
001 23243
003 CO-ViMGA
008 141112s2004 ck r 000 u spa d
020 _a9584209787
040 _aCO-ViMGA
_bspa
_cCO-ViMGA
082 _a863.5 U51t1
100 1 _aUnamuno, Miguel de
_96587
245 1 0 _aLa Tia Tula
260 _aColombia :
_bEspasa Calpe,
_c2006
300 _a147 p.
490 _aBiblioteca hispanoAméricana del siglo XX
650 1 4 _aNovela española
_9488
650 1 4 _aSexualidad femenina - novela
_96588
942 _2ddc
_cBK
999 _c11645
_d11645